| 000 | 00617nam a2200157Ia 4500 | ||
|---|---|---|---|
| 008 | 151213s9999 xx 000 0 und d | ||
| 100 | _aঅধ্যাপক এম. নিরুজ্জামান। | ||
| 245 |
_aবাংলাদেশ শ্রম আইন ২০০৭ _cঅধ্যাপক এম. নিরুজ্জামান। |
||
| 250 | _a১ম সং | ||
| 260 |
_aঢাকা _bসাম্ছ পাবলিকেশন্ _c2007 |
||
| 300 | _a3847 p. | ||
| 650 | _aLaw | ||
| 650 | _aLaw | ||
| 700 | _aঅধ্যাপক এম. নিরুজ্জামান। | ||
| 999 |
_c2520 _d2520 |
||